• 首页
  • 本馆介绍
  • 公告通知
  • 最新文献
  • 馆藏检索
  • 电子资源
  • 读者导购
  • 参考咨询
  • 我的图书馆
  • 登录
  • 详细信息显示
  • 放入我的书架
  • 预约/预借图书
  • 作者相关作品
  • 分类相关作品
  • 丛书相关作品
  • 出版社相关作品

书目信息

  • 表格格式
  • 工作单格式
  • 卡片格式
题名:
生命探索 人类起源
    
 
作者: 金利勇 主编 ;中国地质学会 编
分册:  
出版信息: 北京   地质出版社  2020.7
页数: 78页
开本: 26cm
丛书名:
单 册:
中图分类: Q10 , Q981.1
科图分类:
主题词: 生命起源--普及读物 , 人类起源--普及读物
电子资源:
ISBN: 978-7-116-10986-5
000 00953nam0 2200289 45
001 012001000798
005 20130912081548.0
010    @a978-7-116-10986-5@dCNY28.00
100    @a20190107d2018 em y0chiy50 ea
101 0  @achi
102    @aCN@b110000
105    @aa z 000yy
106    @ar
200 1  @a生命探索 人类起源@b专著@f中国地质学会编@g中国地质学会编@Asheng ming tan suo ren lei qi yuan
210    @a北京@c地质出版社@d2020.7
215    @a78页@c图@d26cm
300    @a中国地质学会系列科普图书
314    @a主编:金利勇
330    @a本书简要梳理了从宇宙的形成到地球诞生的一系列基础科学知识,随后根据地质历史时期的发展顺序介绍了地球生命演化的主要历程。
606 0  @a生命起源@j普及读物
606 0  @a人类起源@j普及读物
690    @aQ10@v5
690    @aQ981.1@v5
701  0 @a金利勇@Ajin li yong@4主编
712 02 @a中国地质学会@Azhong guo di zhi xue hui@4编
801  0 @aCN@bBJSDL@c20211011
905    @b1335918-21@dQ10@e315@f4
    
    生命探索 人类起源/中国地质学会编/中国地质学会编.-北京:地质出版社,2020.7
    78页:图;26cm
    中国地质学会系列科普图书
    
    ISBN 978-7-116-10986-5:CNY28.00
    本书简要梳理了从宇宙的形成到地球诞生的一系列基础科学知识,随后根据地质历史时期的发展顺序介绍了地球生命演化的主要历程。
●
相关链接 在E读中查询图书 在五车中查询图书 在当当中查询图书 在豆瓣中查询图书


正题名:生命探索 人类起源     索取号:Q10/315         预约/预借

序号 登录号 条形码 馆藏地/架位号 状态 备注
1 1335918   213359186   第二样本阅览室/ [索取号:Q10/315] 在馆    
2 1335919   213359195   第三借阅区/ [索取号:Q10/315] 在馆    
3 1335920   213359202   第三借阅区/ [索取号:Q10/315] 在馆    
4 1335921   213359211   第三借阅区/ [索取号:Q10/315] 在馆    
唐山师范学院图书馆 欢迎您!
大连网信软件有限公司© 版权所有